02533cam a22003854i 4500003000900000005001700009008004100026035002000067040003300087100005000120245020200170264001000372300002200382336002100404337002500425338002300450502005800473504002700531520143100558526001001989526001001999526000902009526000902018526000902027526000902036526000902045526000902054526000902063526000802072526000802080526000802088526000802096526000802104650003502112PE-LiUPU20250731165422.0160111s2014 pe a grm 000 0 spa d a(Sirsi) a155652 aPE-LiUPUbspacPE-LiUPUerda1 aManturano Velásquez, Zenaida Doylitteautor1 aConocimiento y práctica de autocuidado del profesional de enfermería del servicio de pediatría del Hospital Nacional Guillermo Almenara Irigoyen, 2013 /cZenaida Doylitt Maturano Velásquez. 0c2014. a137 hojas c30 cm atext2rdacontent aunmediated2rdamedia avolume2rdacarrier aTesisb(Mg.) -- cUniversidad Peruana Unión,d2014. aIncluye bibliografía3 a"El autocuidado" es la práctica de actividades que los individuos realizan para el mantenimiento de su propia vida, salud y bienestar. El presente estudio tiene el objetivo de determinar la relación entre conocimiento y práctica de autocuidado del profesional de enfermería en el servicio de pediatría del Hospital Nacional Guillermo Almenara Irigoyen; la muestra estuvo constituida por 45 enfermeras. La investigación es de tipo descriptivo correlacional, porque se realizó un diagnóstico de las variables de estudio; cuantitativa, porque se midió la variable de estudio; y de diseño no experimental, de corte transversal, porque se recolectó los datos en un solo momento, con el uso de dos cuestionarios diferentes para cada variable, aplicándose primero el cuestionario de práctica. En el estudio queda la evidencia de la relación entre conocimiento y práctica de autocuidado en el profesional de enfermería del servicio de pediatría; el 42.2% de la muestra se encuentra dentro de la escala de no conocer sobre autocuidado y, por lo tanto, muestra una práctica inadecuada sobre el mismo; cabe resaltar que existe un 8.9% del profesional de enfermería, el cual a pesar de no conocer sobre autocuidado tiene prácticas adecuadas de autocuidado. En conclusión, existe relación entre los conocimientos que el profesional de enfermería posee con las prácticas sobre su autocuidado. aSEG44 aSEG26 aP151 aP150 aP149 aP146 aP145 aP126 aP125 aP92 aP75 aP74 aP27 aP1504aEnfermerasxCuidado e higiene.